| 000 | 00425nam a22001217a 4500 | ||
|---|---|---|---|
| 040 | _crua | ||
| 082 | _aCAR OUK 2017 C332 Or. | ||
| 100 | _aOUK Makara | ||
| 245 |
_aDESCRIPTION OF : CROP VARIETIES RELEASED BY CAMBODIAN AGRICULTURAL RESEARCH AND DEVELOPMENT INSTITUTE(1990-2017). _bCambodian Agricultural Research and Development Institute/ |
||
| 260 |
_aphnom penh _brua _c2017 |
||
| 300 |
_ax.115p. _bill. _c25cm. |
||
| 942 | _cREC | ||
| 999 |
_c22015 _d22015 |
||